000 00799nam a2200289Ia 4500
008 180313s9999 xx 000 0 und d
020 _a9789810943523
050 _bER S644 2015
100 _aSmith, Craig
245 _aSquare eyes /
245 _cwords and music by Craig Smith ; illustrated by Scott Tulloch.
260 _aNew York, New York :
260 _bScholastic Inc.,
260 _c2015
300 _aunpaged :
300 _bcolored illustrations ;
300 _c25cm.
300 _e + includes audio CD of sidesplitting song
650 _aFriendship --
650 _aPandas --
650 _aTelevision viewers --
650 _xJuvenile fiction.
650 _xJuvenile fiction.
650 _xJuvenile fiction.
700 _aTitle.
700 _aTulloch, Scott.
999 _c356271
_d356271